Normal view
MARC view
- Processes, Infinite
Entry Topical Term
001 - CONTROL NUMBER
- control field: 39261
003 - CONTROL NUMBER IDENTIFIER
- control field: NUST
005 - DATE AND TIME OF LATEST TRANSACTION
- control field: 20210314131400.0
008 - FIXED-LENGTH DATA ELEMENTS
- fixed length control field: 210314|| aca||aabn | a|a d
040 ## - CATALOGING SOURCE
- Original cataloging agency: NUST
- Transcribing agency: NUST
150 ## - HEADING--TOPICAL TERM
- Topical term or geographic name entry element: Processes, Infinite
670 ## - SOURCE DATA FOUND
- Source citation: Work cat.: (NUST): Knopp, Konrad, 39260, Infinite sequences and series;, [1956]
